[Event "Winnipeg TNT May op"]
[Site "Winnipeg CAN"]
[Date "2017.05.02"]
[Round "1"]
[White "Baron, Gustav"]
[Black "Reimer, Bruce"]
[Result "1-0"]
[WhiteElo "2128"]
[BlackElo "1696"]
[WhiteFideId "-1"]
[WhiteFideId "-1"]
[PlyCount "77"]
[GameId "2160767908411578"]
[EventDate "2017.05.02"]
[EventType "swiss"]
[EventRounds "5"]
[EventCountry "CAN"]
[SourceTitle "EXT 2022"]
[Source "ChessBase"]
[SourceDate "2021.10.06"]
[SourceVersion "1"]
[SourceVersionDate "2021.10.06"]
[SourceQuality "1"]

1. e4 d6 2. d4 g6 3. c4 Bg7 4. Nc3 a6 5. Be2 b6 6. Be3 Nd7 7. Qd2 Bb7 8. Nh3 Ngf6 9. f3 c5 10. d5 O-O 11. Nf2 Re8 12. g4 Nf8 13. h4 e6 14. h5 exd5 15. cxd5 b5 16. hxg6 fxg6 17. Bh6 Bh8 18. Nd3 c4 19. Nf4 Qc7 20. Bxf8 Rxf8 21. Ne6 Qd7 22. Nxf8 Rxf8 23. a3 Qg7 24. O-O-O Nd7 25. Rdg1 Nc5 26. Kb1 Nb3 27. Qh6 Qc7 28. Bd1 Bxc3 29. bxc3 Nc5 30. Rh2 Rf7 31. Rgh1 Qa5 32. Qg5 Qxc3 33. Rxh7 Rxh7 34. Qd8+ Kg7 35. Qe7+ Kg8 36. Rxh7 Qd3+ 37. Bc2 Qf1+ 38. Kb2 Qxf3 39. Qg7# 1-0

[Event "Winnipeg TNT May op"]
[Site "Winnipeg CAN"]
[Date "2017.05.02"]
[Round "1"]
[White "Bince, Rolando"]
[Black "Remillard, John"]
[Result "1-0"]
[WhiteElo "2085"]
[BlackElo "1644"]
[WhiteFideId "-1"]
[WhiteFideId "-1"]
[PlyCount "87"]
[GameId "2160767908411579"]
[EventDate "2017.05.02"]
[EventType "swiss"]
[EventRounds "5"]
[EventCountry "CAN"]
[SourceTitle "EXT 2022"]
[Source "ChessBase"]
[SourceDate "2021.10.06"]
[SourceVersion "1"]
[SourceVersionDate "2021.10.06"]
[SourceQuality "1"]

1. Nf3 d5 2. g3 Nf6 3. Bg2 e6 4. c4 c6 5. b3 Nbd7 6. Bb2 Qc7 7. O-O e5 8. d3 Be7 9. Qc2 O-O 10. Nbd2 d4 11. a4 b5 12. cxb5 Bb7 13. Rfc1 c5 14. Ba3 Bd6 15. Ng5 Nd5 16. Nge4 Nb4 17. Qd1 f5 18. Nxd6 Qxd6 19. Bh3 Qh6 20. Bg2 Nd5 21. Qe1 f4 22. Ne4 fxg3 23. hxg3 Rf5 24. Bxc5 Ne3 25. Bf3 Nxc5 26. Rxc5 Raf8 27. fxe3 Bxe4 28. dxe4 Qxe3+ 29. Qf2 Rxf3 30. exf3 Qxb3 31. Qa2 Rxf3 32. Qxb3+ Rxb3 33. Rxe5 Rxg3+ 34. Kf2 Rc3 35. Rd5 d3 36. Ke3 d2+ 37. Kxd2 Rc7 38. Rf1 h6 39. a5 g5 40. Rf6 Kg7 41. Rfd6 Rf7 42. Rd7 g4 43. Rxf7+ Kxf7 44. Ke3 1-0

[Event "Winnipeg TNT May op"]
[Site "Winnipeg CAN"]
[Date "2017.05.02"]
[Round "1"]
[White "Clark, Jeff"]
[Black "Magyar, Peter"]
[Result "1-0"]
[WhiteElo "2010"]
[BlackElo "1522"]
[WhiteFideId "-1"]
[WhiteFideId "-1"]
[PlyCount "93"]
[GameId "2160767908411580"]
[EventDate "2017.05.02"]
[EventType "swiss"]
[EventRounds "5"]
[EventCountry "CAN"]
[SourceTitle "EXT 2022"]
[Source "ChessBase"]
[SourceDate "2021.10.06"]
[SourceVersion "1"]
[SourceVersionDate "2021.10.06"]
[SourceQuality "1"]

1. e4 e6 2. d4 d5 3. Nd2 c5 4. exd5 exd5 5. Ngf3 Nc6 6. Be2 Nf6 7. O-O c4 8. c3 Be7 9. Re1 O-O 10. Ne5 Be6 11. f4 Rc8 12. Bf3 b5 13. Qe2 Qb6 14. Nxc6 Rxc6 15. f5 Bxf5 16. Qxe7 Be6 17. Qa3 Qc7 18. Nf1 Rb6 19. b4 Bg4 20. Bxg4 Nxg4 21. Bg5 a6 22. Qc1 Re6 23. Qf4 Qxf4 24. Bxf4 Rfe8 25. Rxe6 Rxe6 26. Ng3 g6 27. h3 Nf6 28. Bg5 Ne4 29. Nxe4 Rxe4 30. Kf2 f5 31. g3 Kf7 32. Bf4 Kf6 33. h4 h5 34. a4 bxa4 35. Rxa4 Re6 36. Ra5 Ke7 37. Rxd5 Rb6 38. Rb5 Rc6 39. Rc5 Rb6 40. Rxc4 a5 41. bxa5 Rb2+ 42. Ke3 Ra2 43. Rc6 Rxa5 44. Rxg6 Ra1 45. d5 Kf7 46. Rh6 Rd1 47. d6 1-0

[Event "Winnipeg TNT May op"]
[Site "Winnipeg CAN"]
[Date "2017.05.02"]
[Round "1"]
[White "Czarny, Keith"]
[Black "Kernetsky, Myron"]
[Result "0-1"]
[WhiteElo "1641"]
[BlackElo "2125"]
[WhiteFideId "-1"]
[WhiteFideId "-1"]
[PlyCount "92"]
[GameId "2160767908411581"]
[EventDate "2017.05.02"]
[EventType "swiss"]
[EventRounds "5"]
[EventCountry "CAN"]
[SourceTitle "EXT 2022"]
[Source "ChessBase"]
[SourceDate "2021.10.06"]
[SourceVersion "1"]
[SourceVersionDate "2021.10.06"]
[SourceQuality "1"]

1. e4 e6 2. d4 d5 3. Nc3 Nf6 4. Qe2 Be7 5. Bg5 O-O 6. e5 Nfd7 7. Bxe7 Qxe7 8. Nf3 c5 9. Nb5 Nc6 10. dxc5 Qxc5 11. Nd6 Ndxe5 12. Nxc8 Nxf3+ 13. Qxf3 Raxc8 14. c3 d4 15. Rc1 Qb6 16. b3 dxc3 17. Be2 Nd4 18. Qe3 Rfd8 19. O-O Nxe2+ 20. Qxe2 h6 21. Rc2 Qd4 22. h3 Qd3 23. Qxd3 Rxd3 24. Rfc1 b5 25. a3 a5 26. b4 axb4 27. axb4 Rc4 28. Rb1 Rd2 29. Rbc1 e5 30. Kf1 Rxc2 31. Rxc2 e4 32. Ke2 f5 33. Kd1 Kf7 34. Kc1 Ke6 35. Ra2 Rxb4 36. Ra6+ Ke5 37. Rg6 Rb2 38. Rxg7 Rxf2 39. g4 fxg4 40. hxg4 e3 41. Kd1 b4 42. g5 hxg5 43. Rxg5+ Kd4 44. Ke1 b3 45. Rg4+ Kd3 46. Rb4 Rb2 0-1

[Event "Winnipeg TNT May op"]
[Site "Winnipeg CAN"]
[Date "2017.05.02"]
[Round "1"]
[White "Gannon, Keith"]
[Black "Wolchock, Theo"]
[Result "0-1"]
[WhiteElo "1630"]
[BlackElo "2071"]
[WhiteFideId "-1"]
[WhiteFideId "-1"]
[PlyCount "86"]
[GameId "2160767908411582"]
[EventDate "2017.05.02"]
[EventType "swiss"]
[EventRounds "5"]
[EventCountry "CAN"]
[SourceTitle "EXT 2022"]
[Source "ChessBase"]
[SourceDate "2021.10.06"]
[SourceVersion "1"]
[SourceVersionDate "2021.10.06"]
[SourceQuality "1"]

1. Nf3 d5 2. d4 Nf6 3. e3 Bf5 4. Nbd2 e6 5. c4 c6 6. Be2 Bd6 7. O-O h6 8. Re1 O-O 9. c5 Bc7 10. b4 Nbd7 11. Bb2 Qb8 12. h3 Bh7 13. a4 Ne4 14. Nf1 f5 15. b5 g5 16. Ne5 Nxe5 17. dxe5 Ba5 18. f3 Bxe1 19. fxe4 Ba5 20. exd5 cxd5 21. Nd2 Bc7 22. Nf3 f4 23. exf4 Rxf4 24. Bd4 Be4 25. Ra3 Bxf3 26. Rxf3 Rxf3 27. Bxf3 Bxe5 28. Bxe5 Qxe5 29. c6 bxc6 30. bxc6 Rc8 31. Qc2 Kg7 32. Bh5 Qf6 33. Qc5 Qa1+ 34. Kh2 Qe5+ 35. Kg1 Rc7 36. Be8 Qa1+ 37. Kh2 Qxa4 38. Bd7 Rxd7 39. cxd7 Qxd7 40. Qd4+ Kf7 41. Qf2+ Ke7 42. Qc5+ Qd6+ 43. Qxd6+ Kxd6 0-1

[Event "Winnipeg TNT May op"]
[Site "Winnipeg CAN"]
[Date "2017.05.02"]
[Round "1"]
[White "Letain, Cory"]
[Black "Babb, Jeff"]
[Result "0-1"]
[WhiteElo "1699"]
[BlackElo "2132"]
[WhiteFideId "-1"]
[WhiteFideId "-1"]
[PlyCount "46"]
[GameId "2160767908411583"]
[EventDate "2017.05.02"]
[EventType "swiss"]
[EventRounds "5"]
[EventCountry "CAN"]
[SourceTitle "EXT 2022"]
[Source "ChessBase"]
[SourceDate "2021.10.06"]
[SourceVersion "1"]
[SourceVersionDate "2021.10.06"]
[SourceQuality "1"]

1. d4 Nf6 2. c4 c5 3. d5 b5 4. cxb5 a6 5. bxa6 g6 6. Nc3 Bxa6 7. e4 Bxf1 8. Kxf1 d6 9. g3 Bg7 10. Kg2 O-O 11. Nf3 Nbd7 12. Qc2 Qa5 13. Nd2 Qa6 14. Nb3 Rfb8 15. Bd2 Ne5 16. Rhe1 Qd3 17. Qd1 Nc4 18. Bc1 Qxd1 19. Rxd1 Nd7 20. f4 f5 21. exf5 gxf5 22. Re1 Kf7 23. Re2 Rxb3 0-1

[Event "Winnipeg TNT May op"]
[Site "Winnipeg CAN"]
[Date "2017.05.02"]
[Round "1"]
[White "Maione, Noah"]
[Black "Khedkar, Jay"]
[Result "0-1"]
[WhiteElo "1555"]
[BlackElo "2033"]
[WhiteFideId "-1"]
[WhiteFideId "-1"]
[PlyCount "30"]
[GameId "2160767908411584"]
[EventDate "2017.05.02"]
[EventType "swiss"]
[EventRounds "5"]
[EventCountry "CAN"]
[SourceTitle "EXT 2022"]
[Source "ChessBase"]
[SourceDate "2021.10.06"]
[SourceVersion "1"]
[SourceVersionDate "2021.10.06"]
[SourceQuality "1"]

1. e4 e5 2. Bc4 Nf6 3. d4 Nc6 4. d5 Ne7 5. Nc3 Ng6 6. Nf3 Bb4 7. Bd2 d6 8. Qe2 O-O 9. O-O-O a6 10. a3 Bc5 11. h3 b5 12. Nxb5 axb5 13. Bxb5 Bd7 14. Bxd7 Qxd7 15. b4 Qa4 0-1

[Event "Winnipeg TNT May op"]
[Site "Winnipeg CAN"]
[Date "2017.05.02"]
[Round "1"]
[White "Rutter, Blair"]
[Black "Goodman, Clifford"]
[Result "1/2-1/2"]
[WhiteElo "2038"]
[BlackElo "1611"]
[WhiteFideId "-1"]
[WhiteFideId "-1"]
[PlyCount "48"]
[GameId "2160767908411585"]
[EventDate "2017.05.02"]
[EventType "swiss"]
[EventRounds "5"]
[EventCountry "CAN"]
[SourceTitle "EXT 2022"]
[Source "ChessBase"]
[SourceDate "2021.10.06"]
[SourceVersion "1"]
[SourceVersionDate "2021.10.06"]
[SourceQuality "1"]

1. c4 c5 2. g3 g6 3. Bg2 Nc6 4. Nc3 Bg7 5. e4 e5 6. Nge2 Nge7 7. O-O O-O 8. d3 d6 9. h3 f5 10. f4 a6 11. Kh2 Bd7 12. Be3 Nd4 13. Qd2 b5 14. exf5 Nexf5 15. Bxa8 Qxa8 16. Bxd4 exd4 17. Ne4 Ne3 18. Rf2 bxc4 19. Nxd6 cxd3 20. Qxd3 Qd5 21. Qb3 c4 22. Qa3 Qh5 23. Ng1 Ng4+ 24. Kg2 Ne3+ 1/2-1/2

[Event "Winnipeg TNT May op"]
[Site "Winnipeg CAN"]
[Date "2017.05.02"]
[Round "1"]
[White "Swift, Ryne"]
[Black "Piche, Zachary"]
[Result "1-0"]
[WhiteElo "1913"]
[BlackElo "1372"]
[WhiteFideId "-1"]
[WhiteFideId "-1"]
[PlyCount "89"]
[GameId "2160767908411586"]
[EventDate "2017.05.02"]
[EventType "swiss"]
[EventRounds "5"]
[EventCountry "CAN"]
[SourceTitle "EXT 2022"]
[Source "ChessBase"]
[SourceDate "2021.10.06"]
[SourceVersion "1"]
[SourceVersionDate "2021.10.06"]
[SourceQuality "1"]

1. e4 c5 2. Nf3 d6 3. d4 cxd4 4. Nxd4 Nf6 5. Nc3 a6 6. Be2 e6 7. Be3 b5 8. a3 Bb7 9. f3 Nbd7 10. O-O Be7 11. a4 b4 12. Na2 a5 13. c3 bxc3 14. Nxc3 O-O 15. Ndb5 d5 16. exd5 Nxd5 17. Nxd5 Bxd5 18. Rc1 Rc8 19. Nc3 Bc5 20. Nxd5 exd5 21. Bxc5 Nxc5 22. Bb5 Qb6 23. Kh1 Rfd8 24. Qd4 Qd6 25. Rc3 Ne6 26. Qd2 Qb4 27. Re1 g6 28. Rd3 Rc2 29. Qxb4 axb4 30. Rb3 Rdc8 31. Rxb4 Rc1 32. Rg1 d4 33. Bd7 d3 34. Bxe6 d2 35. Bb3 Rd8 36. h3 d1=Q 37. Bxd1 Rdxd1 38. Rxd1 Rxd1+ 39. Kh2 Ra1 40. b3 Kf8 41. g4 Ke7 42. Kg3 Rb1 43. a5 Ke6 44. a6 Ra1 45. Ra4 1-0

[Event "Winnipeg TNT May op"]
[Site "Winnipeg CAN"]
[Date "2017.05.02"]
[Round "1"]
[White "Wiebe, Isaac"]
[Black "Beach, Brock"]
[Result "1-0"]
[WhiteElo "2243"]
[BlackElo "1865"]
[WhiteFideId "-1"]
[WhiteFideId "-1"]
[PlyCount "185"]
[GameId "2160767908411588"]
[EventDate "2017.05.02"]
[EventType "swiss"]
[EventRounds "5"]
[EventCountry "CAN"]
[SourceTitle "EXT 2022"]
[Source "ChessBase"]
[SourceDate "2021.10.06"]
[SourceVersion "1"]
[SourceVersionDate "2021.10.06"]
[SourceQuality "1"]

1. d4 Nf6 2. Nc3 d5 3. Bf4 Bf5 4. f3 e6 5. g4 Bg6 6. h4 h5 7. g5 Nfd7 8. e3 Nb6 9. Bd3 Bxd3 10. Qxd3 Bd6 11. Nge2 Nc6 12. O-O-O Nc4 13. a3 Qe7 14. Bxd6 Qxd6 15. e4 O-O-O 16. e5 Qe7 17. f4 N6a5 18. Na4 g6 19. b4 Nc6 20. Nb2 Nxb2 21. Kxb2 a6 22. Qb3 b5 23. Rh3 Kb7 24. Rc3 Nb8 25. Nc1 Nd7 26. Nd3 c6 27. a4 Ra8 28. Ra1 Rhc8 29. Nc5+ Nxc5 30. Rxc5 Qd7 31. Kc1 Qc7 32. Qd3 Qb6 33. Rc3 Qc7 34. Rca3 Qe7 35. Qc3 Qd7 36. Qc5 Qc7 37. Rd3 Qb6 38. Qe7+ Qc7 39. Qc5 Qb6 40. Qc3 Qc7 41. Kd2 Qb6 42. Ke3 Qc7 43. Qb2 Qb6 44. Rc3 Qc7 45. Kf3 Qb6 46. Rc5 Qc7 47. Ra3 Qb6 48. Kg3 Qc7 49. Qc1 Qb6 50. Qd1 Qc7 51. Qf3 Qd7 52. c4 dxc4 53. axb5 Kb6 54. bxc6 Rxc6 55. Rc3 Rac8 56. R3xc4 Rxc5 57. bxc5+ Ka7 58. Rb4 Qc7 59. Qb3 Rb8 60. Rxb8 Qxb8 61. Qa4 Qb5 62. Qxb5 axb5 63. Kf3 Kb7 64. Ke3 Kc7 65. Kd3 Kc6 66. Kc3 Kb7 67. Kb3 Ka7 68. Ka3 Kb7 69. Kb4 Ka6 70. c6 Kb6 71. c7 Kxc7 72. Kxb5 Kb7 73. Kc5 Kc7 74. d5 exd5 75. Kxd5 Kd7 76. Kc5 Kc7 77. Kd4 Kd7 78. Kd5 Ke7 79. Kc5 Ke6 80. Kc6 Kf5 81. Kd6 Kxf4 82. Ke7 Kxe5 83. Kxf7 Kf5 84. Kg7 Kg4 85. Kxg6 Kxh4 86. Kf6 Kg3 87. g6 h4 88. g7 h3 89. g8=Q+ Kf2 90. Qd5 Kg1 91. Qg5+ Kh2 92. Qg4 Kh1 93. Qxh3+ 1-0

[Event "Winnipeg TNT May op"]
[Site "Winnipeg CAN"]
[Date "2017.05.09"]
[Round "2"]
[White "Babb, Jeff"]
[Black "Clark, Jeff"]
[Result "1/2-1/2"]
[WhiteElo "2132"]
[BlackElo "2010"]
[WhiteFideId "-1"]
[WhiteFideId "-1"]
[PlyCount "116"]
[GameId "2160767908411589"]
[EventDate "2017.05.02"]
[EventType "swiss"]
[EventRounds "5"]
[EventCountry "CAN"]
[SourceTitle "EXT 2022"]
[Source "ChessBase"]
[SourceDate "2021.10.06"]
[SourceVersion "1"]
[SourceVersionDate "2021.10.06"]
[SourceQuality "1"]

1. f4 Nf6 2. Nf3 g6 3. d3 d5 4. e3 Bg7 5. Be2 O-O 6. O-O c5 7. Nc3 Nc6 8. e4 d4 9. Na4 Nd7 10. b3 b5 11. Nb2 Bb7 12. a4 a6 13. Ng5 h6 14. Nh3 e6 15. Bd2 f5 16. Bf3 Rb8 17. Qe2 Re8 18. Rae1 Kh8 19. Qf2 Nb6 20. axb5 axb5 21. Kh1 b4 22. Ra1 Qe7 23. Na4 Nxa4 24. Rxa4 Ra8 25. Rfa1 Rxa4 26. Rxa4 Ra8 27. Rxa8+ Bxa8 28. g4 Nd8 29. exf5 Bxf3+ 30. Qxf3 exf5 31. gxf5 gxf5 32. Qh5 Qf6 33. Ng5 Kg8 34. Nf3 Nf7 35. Kg2 Qe6 36. Kf1 Nd6 37. Qh3 Nb5 38. Nh4 Na3 39. Nxf5 Nxc2 40. Qg4 Qf6 41. Nxg7 Qxg7 42. Qe6+ Kh7 43. Qf5+ Qg6 44. Qd7+ Qg7 45. Qe6 Qg6 46. Qd7+ Qg7 47. Qe6 Qg6 48. Qe7+ Kh8 49. Qf8+ Kh7 50. f5 Qh5 51. Qe7+ Kg8 52. Qe6+ Kh7 53. Qd7+ Kg8 54. Qd5+ Kh7 55. Qb7+ Kg8 56. Qb8+ Kh7 57. Qc7+ Kg8 58. Qc8+ Kh7 1/2-1/2

[Event "Winnipeg TNT May op"]
[Site "Winnipeg CAN"]
[Date "2017.05.09"]
[Round "2"]
[White "Einarsson, Ken"]
[Black "Stark, Jamie"]
[Result "1-0"]
[WhiteElo "1752"]
[BlackElo "1228"]
[WhiteFideId "-1"]
[WhiteFideId "-1"]
[PlyCount "123"]
[GameId "2160767908411590"]
[EventDate "2017.05.02"]
[EventType "swiss"]
[EventRounds "5"]
[EventCountry "CAN"]
[SourceTitle "EXT 2022"]
[Source "ChessBase"]
[SourceDate "2021.10.06"]
[SourceVersion "1"]
[SourceVersionDate "2021.10.06"]
[SourceQuality "1"]

1. d4 d5 2. c4 c6 3. Nc3 Bf5 4. e3 Nd7 5. cxd5 cxd5 6. Nxd5 e6 7. Nc3 Bb4 8. Bd2 e5 9. dxe5 Nxe5 10. Qb3 Bxc3 11. Bxc3 Nd3+ 12. Bxd3 Bxd3 13. Rd1 Nf6 14. Bxf6 gxf6 15. Rxd3 Qa5+ 16. Rc3 Rd8 17. Ne2 Rd3 18. O-O Rxc3 19. Qxc3 Qxc3 20. Nxc3 O-O 21. Rd1 Rc8 22. Rd7 b5 23. g3 a6 24. Rd6 Ra8 25. Rxf6 Rd8 26. Rxa6 b4 27. Ne4 Rd1+ 28. Kg2 Rb1 29. b3 f5 30. Nf6+ Kg7 31. Nd5 Rd1 32. Nxb4 Rd7 33. Nc6 Rd6 34. Ra7+ Kg6 35. Nd4 h5 36. Rc7 Kg5 37. h4+ Kf6 38. Rc6 Rxc6 39. Nxc6 Ke6 40. Nd4+ Ke5 41. f4+ Ke4 42. Kf2 Kd5 43. Kf3 Kc5 44. a3 Kb6 45. Nxf5 Kc5 46. e4 Kc6 47. e5 Kd7 48. Ke4 Ke8 49. Ng7+ Ke7 50. f5 Kf7 51. Nxh5 Ke7 52. Kd5 Kf7 53. Kd6 Ke8 54. e6 Kf8 55. e7+ Ke8 56. f6 Kf7 57. Kd7 Kg6 58. e8=Q+ Kf5 59. Qe6+ Kg6 60. f7+ Kxh5 61. Qf5+ Kh6 62. f8=Q# 1-0

[Event "Winnipeg TNT May op"]
[Site "Winnipeg CAN"]
[Date "2017.05.09"]
[Round "2"]
[White "Goodman, Clifford"]
[Black "Beach, Brock"]
[Result "0-1"]
[WhiteElo "1611"]
[BlackElo "1865"]
[WhiteFideId "-1"]
[WhiteFideId "-1"]
[PlyCount "72"]
[GameId "2160767908411591"]
[EventDate "2017.05.02"]
[EventType "swiss"]
[EventRounds "5"]
[EventCountry "CAN"]
[SourceTitle "EXT 2022"]
[Source "ChessBase"]
[SourceDate "2021.10.06"]
[SourceVersion "1"]
[SourceVersionDate "2021.10.06"]
[SourceQuality "1"]

1. d4 Nf6 2. c4 g6 3. Nc3 d5 4. Nf3 Bg7 5. g3 dxc4 6. Qa4+ Nbd7 7. Qxc4 O-O 8. Bg2 Nb6 9. Qb3 Be6 10. Qd1 c6 11. O-O Qc8 12. Re1 Rd8 13. Qc2 Bh3 14. Bh1 Nfd5 15. e4 Nxc3 16. bxc3 c5 17. Qb3 cxd4 18. Ng5 Be6 19. Nxe6 fxe6 20. cxd4 Bxd4 21. Bb2 Bxb2 22. Qxb2 Nc4 23. Qb4 Qc7 24. Rac1 Rdc8 25. Rc3 a6 26. Rec1 b5 27. a4 Qd6 28. Qxd6 exd6 29. e5 d5 30. Rb1 Rab8 31. axb5 Rxb5 32. Ra1 a5 33. Bg2 Rcb8 34. Rf1 Rb1 35. Rxb1 Rxb1+ 36. Bf1 Nb2 0-1

[Event "Winnipeg TNT May op"]
[Site "Winnipeg CAN"]
[Date "2017.05.09"]
[Round "2"]
[White "Kernetsky, Myron"]
[Black "Swift, Ryne"]
[Result "0-1"]
[WhiteElo "2125"]
[BlackElo "1913"]
[WhiteFideId "-1"]
[WhiteFideId "-1"]
[PlyCount "104"]
[GameId "2160767908411592"]
[EventDate "2017.05.02"]
[EventType "swiss"]
[EventRounds "5"]
[EventCountry "CAN"]
[SourceTitle "EXT 2022"]
[Source "ChessBase"]
[SourceDate "2021.10.06"]
[SourceVersion "1"]
[SourceVersionDate "2021.10.06"]
[SourceQuality "1"]

1. d4 d5 2. Nf3 e6 3. Bf4 Bd6 4. Bg3 b6 5. e3 Nf6 6. Nbd2 Bb7 7. Bd3 O-O 8. O-O Ne4 9. Ne5 Nxg3 10. hxg3 Bxe5 11. dxe5 Qg5 12. Nf3 Qh5 13. Bb5 a6 14. Ba4 b5 15. Bb3 c5 16. c3 Nc6 17. a4 Nxe5 18. Nxe5 Qxe5 19. axb5 axb5 20. Qe2 Bc6 21. Rfe1 g6 22. Qg4 c4 23. Bc2 b4 24. Qd4 Qxd4 25. exd4 bxc3 26. bxc3 Rxa1 27. Rxa1 Ra8 28. Rxa8+ Bxa8 29. Ba4 f6 30. f4 h5 31. Kf2 Kf7 32. Ke3 Ke7 33. Bc2 Kf7 34. Ba4 Bb7 35. Bb5 Bc8 36. Kd2 Ke7 37. Ba4 Bd7 38. Bc2 Bc8 39. Ke3 Kd6 40. Bb1 e5 41. fxe5+ fxe5 42. dxe5+ Kxe5 43. Bc2 g5 44. Bh7 Bd7 45. Bg6 h4 46. gxh4 gxh4 47. Bh7 Bf5 48. Bg8 Be4 49. Kf2 d4 50. cxd4+ Kxd4 51. g3 h3 52. g4 h2 0-1

[Event "Winnipeg TNT May op"]
[Site "Winnipeg CAN"]
[Date "2017.05.09"]
[Round "2"]
[White "Khedkar, Jay"]
[Black "Baron, Gustav"]
[Result "0-1"]
[WhiteElo "2033"]
[BlackElo "2128"]
[WhiteFideId "-1"]
[WhiteFideId "-1"]
[PlyCount "87"]
[GameId "2160767908411593"]
[EventDate "2017.05.02"]
[EventType "swiss"]
[EventRounds "5"]
[EventCountry "CAN"]
[SourceTitle "EXT 2022"]
[Source "ChessBase"]
[SourceDate "2021.10.06"]
[SourceVersion "1"]
[SourceVersionDate "2021.10.06"]
[SourceQuality "1"]

1. d4 Nf6 2. c4 e6 3. Nf3 b6 4. g3 Bb4+ 5. Bd2 Qe7 6. Bg2 Bb7 7. O-O Bxd2 8. Nbxd2 d6 9. Qc2 Nbd7 10. e4 O-O 11. Rfe1 e5 12. Rad1 a5 13. b3 Rfe8 14. a3 c5 15. d5 Nf8 16. a4 Bc8 17. Nf1 g6 18. Ne3 Kg7 19. Nh4 Ng4 20. h3 Nxe3 21. Rxe3 h6 22. Rf1 Kg8 23. f4 exf4 24. Rxf4 Nh7 25. e5 dxe5 26. Nxg6 Qg5 27. Nh4 Bxh3 28. Qe2 exf4 29. Rxe8+ Rxe8 30. Qxe8+ Nf8 31. Nf3 Qxg3 32. Qe2 Bxg2 33. Qxg2 Qxg2+ 34. Kxg2 Ng6 35. Nd2 f5 36. Kf3 Kf7 37. Nb1 Kf6 38. Nc3 Ke5 39. Nb5 Nh4+ 40. Kf2 Ng6 41. Nc7 Nf8 42. Kf3 h5 43. Ne8 h4 44. Ng7 0-1

[Event "Winnipeg TNT May op"]
[Site "Winnipeg CAN"]
[Date "2017.05.09"]
[Round "2"]
[White "Leaden, Bruce"]
[Black "Rutter, Blair"]
[Result "0-1"]
[WhiteElo "1428"]
[BlackElo "2038"]
[WhiteFideId "-1"]
[WhiteFideId "-1"]
[PlyCount "48"]
[GameId "2160767908411594"]
[EventDate "2017.05.02"]
[EventType "swiss"]
[EventRounds "5"]
[EventCountry "CAN"]
[SourceTitle "EXT 2022"]
[Source "ChessBase"]
[SourceDate "2021.10.06"]
[SourceVersion "1"]
[SourceVersionDate "2021.10.06"]
[SourceQuality "1"]

1. e4 e6 2. d4 d5 3. e5 c5 4. c3 Nc6 5. Nf3 Bd7 6. Be2 Rc8 7. a3 Qb6 8. dxc5 Bxc5 9. O-O Qc7 10. b4 Bf8 11. Bf4 Nge7 12. c4 dxc4 13. Bxc4 Nxb4 14. Nbd2 Nbd5 15. Bg3 Bc6 16. Rc1 Qd7 17. Ne4 Nf5 18. Bxd5 Qxd5 19. Qxd5 exd5 20. Nd6+ Bxd6 21. exd6 f6 22. Bf4 Kd7 23. Rfe1 Rhe8 24. Red1 Re4 0-1

[Event "Winnipeg TNT May op"]
[Site "Winnipeg CAN"]
[Date "2017.05.09"]
[Round "2"]
[White "Magyar, Peter"]
[Black "Letain, Cory"]
[Result "1-0"]
[WhiteElo "1522"]
[BlackElo "1629"]
[WhiteFideId "-1"]
[WhiteFideId "-1"]
[PlyCount "53"]
[GameId "2160767908411595"]
[EventDate "2017.05.02"]
[EventType "swiss"]
[EventRounds "5"]
[EventCountry "CAN"]
[SourceTitle "EXT 2022"]
[Source "ChessBase"]
[SourceDate "2021.10.06"]
[SourceVersion "1"]
[SourceVersionDate "2021.10.06"]
[SourceQuality "1"]

1. d4 Nf6 2. Bf4 g6 3. h3 Bg7 4. Nd2 d5 5. Ngf3 Nbd7 6. e3 O-O 7. Be2 c5 8. c3 a6 9. O-O Re8 10. Re1 Ne4 11. Rc1 e5 12. dxe5 Nxd2 13. Qxd2 Nxe5 14. Rcd1 Nxf3+ 15. Bxf3 d4 16. exd4 Rxe1+ 17. Rxe1 cxd4 18. Rd1 Ra7 19. cxd4 b5 20. d5 Rd7 21. d6 Bf8 22. Bc6 Qb6 23. Bxd7 Bxd7 24. Bg5 f6 25. Bxf6 Kf7 26. Qf4 Bg7 27. Bd8+ 1-0

[Event "Winnipeg TNT May op"]
[Site "Winnipeg CAN"]
[Date "2017.05.09"]
[Round "2"]
[White "Piche, Zachary"]
[Black "Gannon, Keith"]
[Result "0-1"]
[WhiteElo "1372"]
[BlackElo "1630"]
[WhiteFideId "-1"]
[WhiteFideId "-1"]
[PlyCount "73"]
[GameId "2160767908411596"]
[EventDate "2017.05.02"]
[EventType "swiss"]
[EventRounds "5"]
[EventCountry "CAN"]
[SourceTitle "EXT 2022"]
[Source "ChessBase"]
[SourceDate "2021.10.06"]
[SourceVersion "1"]
[SourceVersionDate "2021.10.06"]
[SourceQuality "1"]

1. d4 d5 2. c4 e6 3. Nc3 Nf6 4. Bg5 Be7 5. e3 O-O 6. Nf3 h6 7. Bf4 a6 8. Bd3 Nc6 9. O-O Nb4 10. a3 Nxd3 11. Qxd3 c6 12. c5 Nd7 13. Ne5 Nxe5 14. Bxe5 Bf6 15. Bd6 Re8 16. Na4 Bd7 17. Nb6 Ra7 18. b4 e5 19. dxe5 Bxe5 20. Bxe5 Rxe5 21. Rfe1 a5 22. h3 Bf5 23. Qd4 Re4 24. Qc3 axb4 25. axb4 Rxa1 26. Rxa1 Qg5 27. Kh2 Kh7 28. Ra7 Qe7 29. b5 cxb5 30. Nxd5 Qc7+ 31. Kg1 Qb8 32. Ra5 Rc4 33. Qe1 Rxc5 34. Nc3 Qe5 35. Ne2 Rc6 36. Qd1 Ra6 37. Nd4 0-1

[Event "Winnipeg TNT May op"]
[Site "Winnipeg CAN"]
[Date "2017.05.09"]
[Round "2"]
[White "Reimer, Bruce"]
[Black "Maione, Noah"]
[Result "1-0"]
[WhiteElo "1696"]
[BlackElo "1555"]
[WhiteFideId "-1"]
[WhiteFideId "-1"]
[PlyCount "78"]
[GameId "2160767908411597"]
[EventDate "2017.05.02"]
[EventType "swiss"]
[EventRounds "5"]
[EventCountry "CAN"]
[SourceTitle "EXT 2022"]
[Source "ChessBase"]
[SourceDate "2021.10.06"]
[SourceVersion "1"]
[SourceVersionDate "2021.10.06"]
[SourceQuality "1"]

1. c4 e5 2. g3 Nf6 3. Bg2 d5 4. cxd5 Nxd5 5. Nc3 Be6 6. Nf3 Nxc3 7. bxc3 Nc6 8. d3 Be7 9. O-O O-O 10. a4 a5 11. Rb1 Rb8 12. e4 h6 13. d4 Bg4 14. Bb2 Bf6 15. d5 Ne7 16. Ba3 Re8 17. Qb3 c6 18. Bxe7 Qxe7 19. c4 c5 20. Qb6 Bd7 21. Qxa5 Ra8 22. Qc7 Bxa4 23. Rxb7 Qxc7 24. Rxc7 Bb3 25. Rxc5 Rec8 26. Rxc8+ Rxc8 27. Nd2 Bxc4 28. Rc1 Ba6 29. Rxc8+ Bxc8 30. Nc4 Bb7 31. f3 g5 32. Kf2 Be7 33. Nxe5 Bc5+ 34. Ke2 Ba6+ 35. Kd2 Kf8 36. Kc3 Ke7 37. f4 f6 38. Nc4 Bf2 39. e5 Bg1 1-0